LEADER 00852nam a2200193 i 4500 001 000000243901 003 CaOOAMICUS 005 20150724000000.0 008 150724s1794 xx u000 u lat u 013 $a222806 026 $a3.a- t-ie m,is prdo (3) 1794 (R) 040 $aSeMil$bita 245 10$a3. 300 $aVII, [1], 858 p. 500 $aSegn. : pg4 A-5O4 5P6. 773 0 $aPouget, François Aimé <1666-1723>$tInstitutiones catholicae in modum catecheseos, in quibus quidquid ad religionis historiam, ecclesiae dogmata ... explanatur. Auctore Francisco-Amato Pouget ... Tomus 1. [-4.].$dFlorentiae : Apud Caietanum Cambiagi : prostant apud Franciscum Alexandri, 1793-1795.$g3$w()32261 850 $aSeMil 852 $aSeMil$W1$xVenegono$y1$m3C VII 3 FA$j194247$B194247$CSeMilBibl$Z2$F204849 $8I 996 $6245$a3$9(OLS)http://semarc/title/47129 LEADER 01256nam a2200265 i 4500 001 000000061043 003 CaOOAMICUS 005 20090623000000.0 008 090623s1991 it u000 u ita u 013 $a32215 020 $a88-01-12474-0 040 $aSeMil$bita 245 10$aFrontiere della nuova evangelizzazione :$bla Centesimus annus : studi sull'enciclica sociale di Giovanni Paolo 2. /$ca cura di Mario Toso. 260 $aLeumann (TO) :$bElle Di Ci,$ccopyr. 1991. 300 $a302 p. ;$c21 cm. 490 0 $aStudi sul Magistero Pontificio ;$v5 650 4$aChiesa cattolica - Dottrina sociale.$0(OLS)http://semarc/subject/330 700 1 $aToso, Mario,$c.$0(OLS)http://semarc/name/7119 830 0$aStudi sul Magistero Pontificio ;$v5.$0(OLS)http://semarc/title/28527 850 $aSeMil 852 $aSeMil$W1$xVenegono$y1$m2A II 387$j27196$B27196$CSeMilBibl$Z2$F27199 $81 961 $aAcquisto: Casa editrice 996 $6020$a88-01-12474-0$9(OLS)http://semarc/number/37253 996 $6245$aFrontiere della nuova evangelizzazione :$bla Centesimus annus : studi sull'enciclica sociale di Giovanni Paolo 2.$9(OLS)http://semarc/title/95830 996 $6260$aLeumann (TO) :$bElle Di Ci$9(OLS)http://semarc/publisher/29654